| 000 | 00955nmc a2200313 a 4500 | ||
|---|---|---|---|
| 003 | AR-BaBNM | ||
| 005 | 20251128210502.0 | ||
| 008 | 080020s1994 ||||||||||||||000 | spa|| | ||
| 020 | _a84-493-0055-X | ||
| 040 | _cAR-BaBNM | ||
| 100 | 1 | _aPérez Tornero, José Manuel | |
| 245 | 1 | 0 |
_aEl desafío educativo de la televisión _bpara comprender y usar el medio |
| 250 | _a1ª ed. | ||
| 260 |
_aBarcelona _bEdiciones Paidós Ibérica _c1994 |
||
| 300 |
_a276 p. _btablas |
||
| 490 | 0 |
_aPapeles de comunicación _vv. 6 |
|
| 504 | _aContiene bibliografía | ||
| 650 | 4 | _aTELEVISION EDUCATIVA | |
| 650 | 4 | _aTECNOLOGIA EDUCATIVA | |
| 650 | 4 | _aMEDIOS DE COMUNICACION | |
| 650 | 4 | _aENSENANZA AUDIOVISUAL | |
| 650 | 4 | _aCOMUNICACION AUDIOVISUAL | |
| 653 | _aANALISIS DEL DISCURSO | ||
| 653 | _aMETODOS EDUCATIVOS | ||
| 800 | 1 |
_aPérez Tornero, José Manuel _edirector |
|
| 800 | 1 |
_aSanagustín, Pilar _edirector |
|
| 942 | _cBK | ||
| 998 | _cRaquel | ||
| 999 |
_c15640 _d15640 |
||